[Event "SVK-ch U2400"]
[Site "Liptovsky Jan"]
[Date "2025.06.15"]
[Round "8"]
[White "Olbrycht, Hubert"]
[Black "Babjak, Samuel"]
[Result "0-1"]
[WhiteElo "1719"]
[BlackElo "1968"]
[PlyCount "71"]
[EventDate "2025.06.12"]
[EventType "swiss"]
[EventRounds "8"]
[EventCountry "SVK"]
[SourceTitle "CB25_2025"]
[SourceDate "2025.06.18"]
[SourceVersion "1"]
[SourceVersionDate "2025.06.18"]
[SourceQuality "1"]

1. e4 e6 2. d4 d5 3. e5 c5 4. c3 Qb6 5. Nf3 Nc6 6. a3 c4 7. Nbd2 Na5 8. Rb1 Bd7 9. h4 Ne7 10. h5 h6 11. b4 cxb3 12. Nxb3 Nxb3 13. Nd2 Nc6 14. Bd3 Nxc1 15. Rxb6 Nxd3+ 16. Ke2 axb6 17. Kxd3 Rxa3 18. Nb1 Ra6 19. Ke2 Be7 20. Rh3 0-0 21. Rg3 Ra2+ 22. Kf1 Na5 23. Qg4 Bg5 24. f4 Bb5+ 25. Kg1 Be2 26. Rf3 Be7 27. f5 Bxf3 28. gxf3 exf5 29. Qxf5 Nc4 30. e6 Rg2+ 31. Kh1 Rg5 32. Qh3 fxe6 33. Qxe6+ Rf7 34. Qc8+ Kh7 35. Qe8 Rf4 36. Qxe7 0-1

[Event "SVK-ch U2400"]
[Site "Liptovsky Jan"]
[Date "2025.06.12"]
[Round "1"]
[White "Babjak, Samuel"]
[Black "Dubnicka, Ferdinand"]
[Result "1-0"]
[WhiteElo "1968"]
[BlackElo "1566"]
[PlyCount "89"]
[EventDate "2025.06.12"]
[EventType "swiss"]
[EventRounds "8"]
[EventCountry "SVK"]
[SourceTitle "CB25_2025"]
[SourceDate "2025.06.18"]
[SourceVersion "1"]
[SourceVersionDate "2025.06.18"]
[SourceQuality "1"]

1. e4 d6 2. d4 Nf6 3. Nc3 g6 4. g3 Bg7 5. Bg2 0-0 6. Nge2 Kh8 7. 0-0 Ng8 8. f4 e6 9. Be3 c6 10. Qd2 Na6 11. Kh1 Qa5 12. a3 f5 13. e5 d5 14. Rfc1 b5 15. Qd3 Nh6 16. h3 Qc7 17. Na2 Nb8 18. a4 Ba6 19. Nb4 Qb6 20. Nc3 bxa4 21. Nxa6 Qxa6 22. Qxa6 Nxa6 23. Rxa4 Nc7 24. Rca1 a6 25. Bf1 Rfb8 26. b3 Rb6 27. Ra5 Bf8 28. Na4 Rb4 29. Nc5 Bxc5 30. Rxc5 Rb6 31. Bd2 Nf7 32. Ba5 Rb7 33. Rxc6 Rc8 34. Bxa6 Nxa6 35. Rxc8+ Kg7 36. Rc6 Nb4 37. Bxb4 Rxb4 38. Rxe6 Rxd4 39. Rc6 Rd2 40. Rc7 Re2 41. Raa7 d4 42. Rxf7+ Kg8 43. Rfc7 Re1+ 44. Kg2 Re2+ 45. Kf1 1-0

[Event "SVK-ch U2400"]
[Site "Liptovsky Jan"]
[Date "2025.06.12"]
[Round "2"]
[White "Karas, Marek"]
[Black "Babjak, Samuel"]
[Result "1-0"]
[WhiteElo "2215"]
[BlackElo "1968"]
[PlyCount "64"]
[EventDate "2025.06.12"]
[EventType "swiss"]
[EventRounds "8"]
[EventCountry "SVK"]
[SourceTitle "CB25_2025"]
[SourceDate "2025.06.18"]
[SourceVersion "1"]
[SourceVersionDate "2025.06.18"]
[SourceQuality "1"]

1. d4 Nf6 2. c4 g6 3. Nc3 Bg7 4. e4 d6 5. Nf3 0-0 6. Be2 e5 7. Be3 Ng4 8. Bg5 f6 9. Bh4 Nc6 10. d5 Ne7 11. Nd2 Nh6 12. f3 Nf7 13. 0-0 f5 14. b4 f4 15. c5 h5 16. Nc4 g5 17. Bf2 Ng6 18. a4 g4 19. fxg4 Qg5 20. gxh5 Bh3 21. Bf3 Nh6 22. hxg6 Rf6 23. Kh1 Bg4 24. Ra2 Rxg6 25. Bg1 Kf7 26. cxd6 cxd6 27. Nb5 Bf8 28. Nc7 Rc8 29. Ne6 Qh5 30. Ne3 Be7 31. Bxg4 Nxg4 32. Nxg4 Rcg8 1-0

[Event "SVK-chT1E 2425"]
[Site "Slovakia"]
[Date "2025.02.01"]
[Round "6.4"]
[White "Babjak, Samuel"]
[Black "Nemergut, Patrik"]
[Result "1/2-1/2"]
[WhiteElo "1952"]
[BlackElo "1988"]
[PlyCount "42"]
[EventDate "2024.11.16"]
[EventType "team-tourn"]
[EventRounds "11"]
[EventCountry "SVK"]
[SourceTitle "CB14_2025"]
[SourceDate "2024.11.01"]
[SourceVersion "1"]
[SourceVersionDate "2024.11.01"]
[SourceQuality "1"]
[WhiteTeam "Kosice Slavia TU"]
[BlackTeam "Kezmarok KdV"]
[WhiteTeamCountry "SVK"]
[BlackTeamCountry "SVK"]

1. Nf3 d6 2. d4 Nf6 3. g3 g6 4. Bg2 Bg7 5. 0-0 0-0 6. c4 c5 7. Nc3 cxd4 8. Nxd4 Qb6 9. e4 Nxe4 10. Nd5 Nxf2 11. Rxf2 Qxd4 12. Qxd4 Bxd4 13. Nxe7+ Kg7 14. Nxc8 Nc6 15. Nxd6 Ne5 16. Bd2 Rad8 17. Ne4 f5 18. Bc3 fxe4 19. Bxd4 Rxd4 20. Rxf8 Kxf8 21. Re1 Nxc4 1/2-1/2

[Event "SVK-chT1E 2425"]
[Site "Slovakia"]
[Date "2025.01.11"]
[Round "5.2"]
[White "Babjak, Samuel"]
[Black "Csolto, TiborJr"]
[Result "1/2-1/2"]
[WhiteElo "1933"]
[BlackElo "2266"]
[PlyCount "38"]
[EventDate "2024.11.16"]
[EventType "team-tourn"]
[EventRounds "11"]
[EventCountry "SVK"]
[SourceTitle "CB14_2025"]
[SourceDate "2024.11.01"]
[SourceVersion "1"]
[SourceVersionDate "2024.11.01"]
[SourceQuality "1"]
[WhiteTeam "Kosice Slavia TU"]
[BlackTeam "Kosice Slavia UPJS"]
[WhiteTeamCountry "SVK"]
[BlackTeamCountry "SVK"]

1. Nf3 c5 2. b3 Nc6 3. Bb2 Nf6 4. e3 d6 5. c4 g6 6. Bxf6 exf6 7. Nc3 Bg7 8. Be2 0-0 9. 0-0 f5 10. Ne1 a6 11. Nd3 g5 12. h3 Rb8 13. f4 Bxc3 14. dxc3 Qe7 15. Qd2 g4 16. Nf2 h5 17. Bd3 g3 18. Nd1 Rd8 19. Qe2 h4 1/2-1/2

[Event "SVK-chT2D 2425"]
[Site "Slovakia"]
[Date "2024.11.10"]
[Round "2.8"]
[White "Smilnak, Simon"]
[Black "Babjak, Samuel"]
[Result "0-1"]
[WhiteElo "1675"]
[BlackElo "1932"]
[PlyCount "60"]
[EventDate "2024.11.09"]
[EventType "team-tourn"]
[EventRounds "11"]
[EventCountry "SVK"]
[SourceTitle "CB51_2024"]
[SourceDate "2024.12.18"]
[SourceVersion "1"]
[SourceVersionDate "2024.12.18"]
[SourceQuality "1"]
[WhiteTeam "Stropkov/Svidnik II"]
[BlackTeam "Kosice 1 CC"]
[WhiteTeamCountry "SVK"]
[BlackTeamCountry "SVK"]

1. d4 Nf6 2. Nc3 d5 3. Bf4 c6 4. e3 Bf5 5. Nf3 e6 6. Ne5 Bd6 7. Bd3 Bg6 8. f3 Nh5 9. Bg3 Nxg3 10. hxg3 Bxe5 11. Bxg6 Bxg3+ 12. Kf1 fxg6 13. Qd3 0-0 14. Rh3 Bd6 15. Ke2 Qg5 16. g4 Nd7 17. Rah1 h6 18. e4 e5 19. exd5 exd4 20. dxc6 Qe5+ 21. Ne4 Nc5 22. Qc4+ Kh7 23. Kd1 Nxe4 24. fxe4 Qxe4 25. g5 Qg4+ 26. Kc1 Qxg5+ 27. Kb1 Qc5 28. Qe2 bxc6 29. Qd3 Qf5 30. Qc4 Qb5 0-1

[Event "SVK-ch U2300"]
[Site "Liptovsky Jan"]
[Date "2024.06.17"]
[Round "6"]
[White "Babjak, Samuel"]
[Black "Bombek, Peter"]
[Result "1/2-1/2"]
[WhiteElo "1883"]
[BlackElo "2115"]
[PlyCount "38"]
[EventDate "2024.06.15"]
[EventType "swiss"]
[EventRounds "8"]
[EventCountry "SVK"]
[SourceTitle "CBM 220 Extra"]
[Source "ChessBase"]
[SourceDate "2024.07.31"]
[SourceVersion "1"]
[SourceVersionDate "2024.07.31"]
[SourceQuality "1"]

1. d4 d5 2. c4 e6 3. Nc3 Nf6 4. cxd5 exd5 5. Bg5 c6 6. e3 Nbd7 7. Bd3 Be7 8. Qc2 h6 9. Bh4 Nh5 10. Bxe7 Qxe7 11. Nge2 Nb6 12. 0-0-0 Bd7 13. Kb1 0-0-0 14. Na4 Nxa4 15. Qxa4 Kb8 16. Qb3 Bg4 17. Rd2 Bxe2 18. Rxe2 Nf6 19. Rc1 Ka8 1/2-1/2

[Event "SVK-ch U2300"]
[Site "Liptovsky Jan"]
[Date "2024.06.17"]
[Round "5"]
[White "Ihnat, Marek1"]
[Black "Babjak, Samuel"]
[Result "0-1"]
[WhiteElo "2088"]
[BlackElo "1883"]
[PlyCount "64"]
[EventDate "2024.06.15"]
[EventType "swiss"]
[EventRounds "8"]
[EventCountry "SVK"]
[SourceTitle "CBM 220 Extra"]
[Source "ChessBase"]
[SourceDate "2024.07.31"]
[SourceVersion "1"]
[SourceVersionDate "2024.07.31"]
[SourceQuality "1"]

1. e4 e6 2. d4 d5 3. Nd2 Nc6 4. Ngf3 Nf6 5. e5 Nd7 6. Be2 f6 7. exf6 Qxf6 8. Nf1 Bd6 9. Ne3 0-0 10. 0-0 Nb6 11. Ng4 Qe7 12. Bb5 e5 13. Ngxe5 Bxe5 14. Nxe5 Nxe5 15. dxe5 Qxe5 16. a4 Bd7 17. Bxd7 Nxd7 18. Be3 c5 19. c3 Rae8 20. a5 Qd6 21. Qb3 Ne5 22. Rad1 Ng4 23. Qxd5+ Qxd5 24. Rxd5 Rxe3 25. Rg5 Nxf2 26. Rxc5 Nd3 27. Rxf8+ Kxf8 28. Rc8+ Re8 29. Rxe8+ Kxe8 30. b4 Kd7 31. Kf1 Kd6 32. Ke2 Nf4+ 0-1

[Event "SVK-ch U18/20"]
[Site "Tatralandia"]
[Date "2024.04.05"]
[Round "1"]
[White "Rak, Martin"]
[Black "Babjak, Samuel"]
[Result "1-0"]
[WhiteElo "2221"]
[BlackElo "1870"]
[PlyCount "93"]
[EventDate "2024.04.05"]
[EventType "swiss"]
[EventRounds "9"]
[EventCountry "SVK"]
[SourceTitle "CBM 219 Extra"]
[Source "ChessBase"]
[SourceDate "2024.05.31"]
[SourceVersion "1"]
[SourceVersionDate "2024.05.31"]
[SourceQuality "1"]

1. d4 Nf6 2. c4 c6 3. g3 d5 4. Bg2 Bf5 5. Nd2 e6 6. Ngf3 Nbd7 7. 0-0 Be7 8. b3 h6 9. Bb2 0-0 10. Ne1 Qa5 11. a3 Ne4 12. Nxe4 dxe4 13. Nc2 Nf6 14. Ne3 Bg6 15. Qc2 Rfd8 16. Rfd1 Rd7 17. b4 Qd8 18. Qb3 a5 19. c5 h5 20. Nc4 axb4 21. Nb6 Rb8 22. Nxd7 Qxd7 23. axb4 Nd5 24. Ra7 h4 25. Rda1 Qc7 26. e3 hxg3 27. hxg3 Bg5 28. Bc1 e5 29. dxe5 Qxe5 30. Bb2 Qc7 31. Bd4 Bf6 32. Bxf6 Nxf6 33. Ra8 Bh5 34. Qc4 Bg6 35. Rxb8+ Qxb8 36. b5 Kh7 37. b6 Qe5 38. Qd4 Qh5 39. Kf1 Bf5 40. Qe5 Ng4 41. Qf4 Be6 42. Rc1 f5 43. f3 exf3 44. Bxf3 Bd5 45. Bxd5 cxd5 46. Ke1 Nf6 47. Qh4 1-0

[Event "Lesnica Pieniny op"]
[Site "Lesnica"]
[Date "2024.03.24"]
[Round "6"]
[White "Bilik, Matej"]
[Black "Babjak, Samuel"]
[Result "1-0"]
[WhiteElo "1827"]
[BlackElo "1888"]
[PlyCount "183"]
[EventDate "2024.03.21"]
[EventType "swiss"]
[EventRounds "7"]
[EventCountry "SVK"]
[SourceTitle "CBM 219 Extra"]
[Source "ChessBase"]
[SourceDate "2024.05.31"]
[SourceVersion "1"]
[SourceVersionDate "2024.05.31"]
[SourceQuality "1"]

1. e4 e6 2. d4 d5 3. e5 c5 4. c3 Qb6 5. Nf3 Nc6 6. Bd3 cxd4 7. 0-0 Bd7 8. Nbd2 dxc3 9. bxc3 Qc7 10. Re1 Bc5 11. Nb3 Bb6 12. Ba3 Nge7 13. Bd6 Qd8 14. Rc1 Bc7 15. Nc5 Bc8 16. Bxc7 Qxc7 17. Qe2 Ng6 18. Bxg6 hxg6 19. Nd3 Na5 20. Nd4 Bd7 21. Nb2 Nc4 22. Nxc4 Qxc4 23. Qxc4 dxc4 24. Rb1 b6 25. Rb4 Rc8 26. Ne2 Rc5 27. f4 Ke7 28. Rd1 Rd8 29. Kf2 Bc6 30. Rxd8 Kxd8 31. Nd4 Kc7 32. g3 a5 33. Rb2 b5 34. Ke3 Bd7 35. h4 f6 36. Ke4 b4 37. Rc2 Bc6+ 38. Ke3 Bd5 39. Kd2 b3 40. Rb2 a4 41. a3 Kd7 42. Ke3 fxe5 43. fxe5 Rc8 44. Ne2 Rf8 45. Nf4 Rf5 46. Kd4 g5 47. Nxd5 exd5 48. Kxd5 gxh4 49. gxh4 Rf4 50. Rh2 Ke7 51. h5 Rg4 52. h6 gxh6 53. Rxh6 Rg1 54. Rh7+ Ke8 55. Rh2 Rg4 56. e6 Ke7 57. Rh7+ Kf6 58. Rf7+ Kg6 59. Rf2 Rg1 60. Kxc4 Rc1 61. Kb4 Rc2 62. Rf1 b2 63. e7 Re2 64. Kxa4 Rxe7 65. Kb3 Rf7 66. Rg1+ Kf5 67. Kxb2 Ke4 68. Rd1 Rb7+ 69. Kc2 Ra7 70. Rd4+ Ke5 71. a4 Ra5 72. Kb3 Ra8 73. Kc2 Ra7 74. Kd3 Ra8 75. Rb4 Kd5 76. c4+ Kc6 77. Kc3 Rh8 78. Rb5 Rh3+ 79. Kb4 Rh1 80. Rc5+ Kb6 81. a5+ Ka6 82. Rc6+ Kb7 83. Rb6+ Ka7 84. Kb5 Rh5+ 85. c5 Rh1 86. Rg6 Kb7 87. Rg7+ Kb8 88. Kb6 Rb1+ 89. Kc6 Ra1 90. Rb7+ Ka8 91. Rh7 Rxa5 92. Kb6 1-0

[Event "SVK-chT2D 2324"]
[Site "Slovakia"]
[Date "2024.03.17"]
[Round "11.8"]
[White "Babjak, Samuel"]
[Black "Lihosith, Peter"]
[Result "0-1"]
[WhiteElo "1771"]
[BlackElo "1740"]
[PlyCount "85"]
[EventDate "2023.10.07"]
[EventType "team-tourn"]
[EventRounds "11"]
[EventCountry "SVK"]
[SourceTitle "EXT 2025"]
[Source "ChessBase"]
[SourceDate "2024.10.14"]
[SourceVersion "1"]
[SourceVersionDate "2024.10.14"]
[SourceQuality "1"]
[WhiteTeam "Kosice 1 CC"]
[BlackTeam "Bardejov BSK"]
[WhiteTeamCountry "SVK"]
[BlackTeamCountry "SVK"]

1. e4 d6 2. d4 Nf6 3. Nc3 c6 4. g3 Nbd7 5. Bg2 e5 6. Nge2 Be7 7. 0-0 0-0 8. a4 a5 9. h3 Ne8 10. g4 g6 11. Bh6 Ng7 12. Ng3 Bg5 13. Bxg5 Qxg5 14. dxe5 dxe5 15. Qc1 h6 16. Qxg5 hxg5 17. Rad1 Nc5 18. Rfe1 Be6 19. Bf1 Rfd8 20. b3 Kf8 21. Nb1 Ke7 22. Nd2 f6 23. Bc4 Rd7 24. Bxe6 Ngxe6 25. Nc4 b5 26. axb5 cxb5 27. Nb6 Rxd1 28. Rxd1 Rb8 29. Nd5+ Kf7 30. b4 axb4 31. Nxb4 Nf4 32. Kh2 Ke6 33. Nd5 Rb7 34. f3 Rd7 35. Nxf4+ exf4 36. Rxd7 fxg3+ 37. Kxg3 Kxd7 38. h4 gxh4+ 39. Kxh4 g5+ 40. Kh5 Ke6 41. Kg6 Nd7 42. Kg7 Ne5 43. Kf8 0-1

[Event "SVK-chT1E 2223"]
[Site "Slovakia"]
[Date "2024.02.04"]
[Round "9.4"]
[White "Babjak, Samuel"]
[Black "Panko, Eduard1"]
[Result "1-0"]
[WhiteElo "1795"]
[BlackElo "2069"]
[PlyCount "131"]
[EventDate "2023.10.21"]
[EventType "team-tourn"]
[EventRounds "11"]
[EventCountry "SVK"]
[SourceTitle "EXT 2025"]
[Source "ChessBase"]
[SourceDate "2024.10.14"]
[SourceVersion "1"]
[SourceVersionDate "2024.10.14"]
[SourceQuality "1"]
[WhiteTeam "Kosice Slavia TU"]
[BlackTeam "Stropkov/Svidnik"]
[WhiteTeamCountry "SVK"]
[BlackTeamCountry "SVK"]

1. e4 Nf6 2. e5 Nd5 3. d4 d6 4. c4 Nb6 5. exd6 cxd6 6. Nc3 g6 7. Be3 Bg7 8. Nf3 0-0 9. Be2 Bg4 10. h3 Bxf3 11. Bxf3 Nc6 12. b3 e6 13. Qd2 d5 14. cxd5 Nxd5 15. Nxd5 exd5 16. 0-0 Qd7 17. Rac1 Rad8 18. Rc5 f5 19. Rxd5 Qf7 20. Rxd8 Rxd8 21. Bxc6 bxc6 22. Qa5 Rd5 23. Qb4 Qc7 24. f3 f4 25. Bf2 Qb6 26. Qxb6 axb6 27. Rc1 Bxd4 28. Bxd4 Rxd4 29. Rxc6 b5 30. Rc5 Rd2 31. Rxb5 Rxa2 32. h4 Kg7 33. Kh2 Rb2 34. Kh3 Kh6 35. b4 Kg7 36. Rb7+ Kf6 37. Kg4 Rxg2+ 38. Kxf4 Rb2 39. Rb6+ Kg7 40. Rb7+ Kf6 41. Rb6+ Kg7 42. b5 Rb4+ 43. Kg3 Kh6 44. Rb7 Rb1 45. b6 Rg1+ 46. Kf4 Rh1 47. Rf7 Rxh4+ 48. Ke5 Rb4 49. b7 g5 50. Kd6 Kg6 51. Rd7 h5 52. Kc7 Kf5 53. Rf7+ Ke6 54. Rh7 Rc4+ 55. Kd8 Rb4 56. Kc8 Rc4+ 57. Rc7 Rb4 58. Rc5 Kf6 59. b8Q Rxb8+ 60. Kxb8 h4 61. Kc7 h3 62. Kd6 Kg6 63. Ke5 Kh5 64. Kf5 Kh4 65. Rc8 Kg3 66. Rh8 1-0

[Event "SVK-chT1E 2223"]
[Site "Slovakia"]
[Date "2024.02.03"]
[Round "8.6"]
[White "Vestur, Rastislav"]
[Black "Babjak, Samuel"]
[Result "0-1"]
[WhiteElo "1852"]
[BlackElo "1795"]
[PlyCount "51"]
[EventDate "2023.10.21"]
[EventType "team-tourn"]
[EventRounds "11"]
[EventCountry "SVK"]
[SourceTitle "EXT 2025"]
[Source "ChessBase"]
[SourceDate "2024.10.14"]
[SourceVersion "1"]
[SourceVersionDate "2024.10.14"]
[SourceQuality "1"]
[WhiteTeam "Kezmarok KdV"]
[BlackTeam "Kosice Slavia TU"]
[WhiteTeamCountry "SVK"]
[BlackTeamCountry "SVK"]

1. Nf3 Nf6 2. c4 g6 3. d4 Bg7 4. Nc3 d5 5. e3 0-0 6. Be2 c5 7. dxc5 Qa5 8. 0-0 dxc4 9. Bxc4 Qxc5 10. Qe2 Nc6 11. a3 Bg4 12. b4 Bxf3 13. bxc5 Bxe2 14. Nxe2 Ne4 15. Rb1 Nxc5 16. Bb2 Rfd8 17. Nf4 e6 18. Rfc1 b6 19. Bxg7 Kxg7 20. f3 Rd2 21. Kf1 Rad8 22. Ke1 g5 23. Ne2 Na5 24. Rd1 Rxd1+ 25. Rxd1 Rxd1+ 26. Kxd1 0-1

[Event "SVK-chT2D 2324"]
[Site "Slovakia"]
[Date "2023.12.02"]
[Round "5.7"]
[White "Bednar, Jozef"]
[Black "Babjak, Samuel"]
[Result "1/2-1/2"]
[WhiteElo "1881"]
[BlackElo "1771"]
[PlyCount "144"]
[EventDate "2023.10.07"]
[EventType "team-tourn"]
[EventRounds "11"]
[EventCountry "SVK"]
[SourceTitle "EXT 2025"]
[Source "ChessBase"]
[SourceDate "2024.10.14"]
[SourceVersion "1"]
[SourceVersionDate "2024.10.14"]
[SourceQuality "1"]
[WhiteTeam "Moldava nad Bodvou"]
[BlackTeam "Kosice 1 CC"]
[WhiteTeamCountry "SVK"]
[BlackTeamCountry "SVK"]

1. e4 c5 2. c3 e6 3. d4 d5 4. exd5 exd5 5. Nf3 Nc6 6. Be3 Nf6 7. dxc5 Ne4 8. Nbd2 Bxc5 9. Nxe4 Bxe3 10. fxe3 dxe4 11. Qxd8+ Nxd8 12. Bb5+ Bd7 13. Bxd7+ Kxd7 14. Rd1+ Ke7 15. Nd4 g6 16. g4 Ne6 17. Nxe6 Kxe6 18. Rd4 f5 19. Ke2 Rad8 20. Rhd1 Ke7 21. Rxd8 Rxd8 22. Rxd8 Kxd8 23. gxf5 gxf5 24. Kf2 a5 25. Kg3 Ke7 26. Kf4 Ke6 27. a4 Kf6 28. b4 b6 29. bxa5 bxa5 30. c4 Ke6 31. h4 h5 32. c5 Kd5 33. Kxf5 Kxc5 34. Kxe4 Kb4 35. Kf5 Kxa4 36. e4 Kb3 37. e5 a4 38. e6 a3 39. e7 a2 40. e8Q a1Q 41. Qb5+ Kc2 42. Qe2+ Kb3 43. Qxh5 Qf1+ 44. Kg6 Qd3+ 45. Qf5 Qd6+ 46. Qf6 Qd3+ 47. Kg7 Qg3+ 48. Kh7 Qc7+ 49. Qg7 Qc2+ 50. Kh8 Qe4 51. Qf7+ Kc3 52. h5 Kd2 53. h6 Qa8+ 54. Kg7 Qg2+ 55. Qg6 Qb7+ 56. Kf6 Qc6+ 57. Kg7 Qb7+ 58. Qf7 Qg2+ 59. Kf8 Qa8+ 60. Ke7 Qb7+ 61. Kf6 Qf3+ 62. Kg6 Qg2+ 63. Kh7 Qe4+ 64. Qg6 Qb7+ 65. Qg7 Qe4+ 66. Kh8 Qe8+ 67. Qg8 Qe5+ 68. Kh7 Qe4+ 69. Kg7 Qg4+ 70. Kf7 Qf4+ 71. Kg6 Qg4+ 72. Kh7 Qe4+ 1/2-1/2

[Event "SVK-chT1E 2223"]
[Site "Slovakia"]
[Date "2023.10.22"]
[Round "2.3"]
[White "Babjak, Samuel"]
[Black "Sevcikova, Lucia"]
[Result "0-1"]
[WhiteElo "1771"]
[BlackElo "2047"]
[PlyCount "52"]
[EventDate "2023.10.21"]
[EventType "team-tourn"]
[EventRounds "11"]
[EventCountry "SVK"]
[SourceTitle "EXT 2025"]
[Source "ChessBase"]
[SourceDate "2024.10.14"]
[SourceVersion "1"]
[SourceVersionDate "2024.10.14"]
[SourceQuality "1"]
[WhiteTeam "Kosice Slavia TU"]
[BlackTeam "Dunajov Martin II"]
[WhiteTeamCountry "SVK"]
[BlackTeamCountry "SVK"]

1. d4 d5 2. c4 c6 3. Nf3 Nf6 4. Nc3 e6 5. e3 Nbd7 6. Qc2 Bd6 7. Bd3 dxc4 8. Bxc4 e5 9. 0-0 exd4 10. exd4 0-0 11. Bg5 h6 12. Bxh6 Ng4 13. Bd2 Nb6 14. Ng5 Nf6 15. Nce4 Bf5 16. Nxf7 Rxf7 17. Bxf7+ Kf8 18. f3 Qc7 19. Bb3 Bxh2+ 20. Kh1 Nbd5 21. Qc5+ Kf7 22. Nxf6 Kxf6 23. Bxd5 Rh8 24. Qc3 Qb8 25. Be4 Bg3+ 26. Kg1 Rh1+ 0-1

[Event "SVK-ch Amateurs"]
[Site "Liptovsky Jan"]
[Date "2023.06.15"]
[Round "1"]
[White "Hornacek, Tomas"]
[Black "Babjak, Samuel"]
[Result "0-1"]
[WhiteElo "1130"]
[BlackElo "1769"]
[PlyCount "26"]
[EventDate "2023.06.15"]
[EventType "swiss"]
[EventRounds "8"]
[EventCountry "SVK"]
[SourceTitle "CBM 214 Extra"]
[Source "ChessBase"]
[SourceDate "2023.07.31"]
[SourceVersion "1"]
[SourceVersionDate "2023.07.31"]
[SourceQuality "1"]

1. e4 c5 2. Nf3 e6 3. d4 cxd4 4. Nxd4 Nf6 5. Nc3 Nc6 6. Bc4 Bb4 7. Bg5 Qa5 8. Nde2 Qxg5 9. Ng3 Qc5 10. Qe2 Ne5 11. a3 Bxc3+ 12. bxc3 Qxc4 13. Qxc4 Nxc4 0-1

[Event "SVK-chT1E 2223"]
[Site "Slovakia"]
[Date "2023.02.04"]
[Round "8.6"]
[White "Giertli, Vladimir"]
[Black "Babjak, Samuel"]
[Result "1-0"]
[WhiteElo "1921"]
[BlackElo "1675"]
[PlyCount "73"]
[EventDate "2022.10.15"]
[EventType "team-tourn"]
[EventRounds "11"]
[EventCountry "SVK"]
[SourceTitle "EXT 2024"]
[Source "ChessBase"]
[SourceDate "2023.10.10"]
[SourceVersion "1"]
[SourceVersionDate "2023.10.10"]
[SourceQuality "1"]
[WhiteTeam "Banska Bystrica Junior"]
[BlackTeam "Kosice Slavia TU"]
[WhiteTeamCountry "SVK"]
[BlackTeamCountry "SVK"]

1. e4 c5 2. Nf3 e6 3. Nc3 Nc6 4. Bb5 Qa5 5. 0-0 Nd4 6. Bd3 Ne7 7. Nxd4 cxd4 8. Nb5 Nc6 9. f4 a6 10. Na3 b5 11. e5 Bb7 12. Be4 Qb6 13. d3 Be7 14. Nb1 Rc8 15. a4 Nb4 16. Bxb7 Qxb7 17. c3 Nc6 18. Nd2 0-0 19. Ne4 Qb6 20. Kh1 Rfd8 21. Qh5 Rc7 22. Rf3 d5 23. Rh3 h6 24. Nf6+ Kf8 25. Ng4 dxc3 26. bxc3 d4 27. f5 exf5 28. Qxf5 Nb8 29. Qh7 Ke8 30. Qxg7 Nd7 31. Rxh6 Qc5 32. Rh7 Nf8 33. Qxf7+ Kd7 34. Qf5+ Ke8 35. Rxe7+ Kxe7 36. Bg5+ Ke8 37. Nf6+ 1-0

[Event "SVK-chT2D 2223"]
[Site "Slovakia"]
[Date "2022.11.27"]
[Round "6.8"]
[White "Babjak, Samuel"]
[Black "Nandrazi, Dominik"]
[Result "1-0"]
[WhiteElo "1702"]
[BlackElo "1838"]
[PlyCount "101"]
[EventDate "2022.10.08"]
[EventType "team-tourn"]
[EventRounds "11"]
[EventCountry "SVK"]
[SourceTitle "EXT 2024"]
[Source "ChessBase"]
[SourceDate "2023.10.10"]
[SourceVersion "1"]
[SourceVersionDate "2023.10.10"]
[SourceQuality "1"]
[WhiteTeam "Kosice 1 CC"]
[BlackTeam "Presov Tatran Dason"]
[WhiteTeamCountry "SVK"]
[BlackTeamCountry "SVK"]

1. d4 d5 2. c4 c6 3. Nc3 Nf6 4. Nf3 g6 5. Bg5 Bg7 6. e3 0-0 7. cxd5 cxd5 8. Qb3 e6 9. Be2 Nc6 10. 0-0 h6 11. Bf4 Nh5 12. Bg3 Nxg3 13. hxg3 f5 14. Rac1 Rf7 15. Na4 g5 16. Nc5 g4 17. Nd2 h5 18. Nd3 h4 19. gxh4 Qxh4 20. g3 Qe7 21. Kg2 Bh6 22. Rh1 Nxd4 23. exd4 Bxd2 24. Rcd1 Qg5 25. Qc2 Ba5 26. Qa4 Qd8 27. Ne5 Rh7 28. Rxh7 Kxh7 29. Rh1+ Kg7 30. Qa3 Bd2 31. Qd3 Bg5 32. Bxg4 Bd7 33. Qf3 Be8 34. Bxf5 Qf6 35. Rh7+ Kg8 36. Bd3 Qxf3+ 37. Nxf3 Bf6 38. Rxb7 Bd8 39. b4 Bc6 40. Rh7 Bb5 41. Bg6 a5 42. Ne5 axb4 43. Rb7 Bc4 44. Bf7+ Kg7 45. Nxc4 dxc4 46. Bxe6+ Kf6 47. Bxc4 Be7 48. f4 Rd8 49. d5 Bd6 50. Rb6 Kf5 51. Kf3 1-0

[Event "SVK-ch U18"]
[Site "Stara Lubovna"]
[Date "2022.05.23"]
[Round "4"]
[White "Sokolovsky, Jakub"]
[Black "Babjak, Samuel"]
[Result "1/2-1/2"]
[WhiteElo "1613"]
[BlackElo "1577"]
[PlyCount "58"]
[EventDate "2022.05.21"]
[EventType "swiss"]
[EventRounds "9"]
[EventCountry "SVK"]
[SourceTitle "CBM 208 Extra"]
[Source "ChessBase"]
[SourceDate "2022.07.31"]
[SourceVersion "1"]
[SourceVersionDate "2022.07.31"]
[SourceQuality "1"]

1. e4 c5 2. Nf3 Nc6 3. d4 cxd4 4. Nxd4 Nf6 5. Nc3 e5 6. Ndb5 d6 7. Bg5 a6 8. Na3 b5 9. Nd5 Be7 10. Bxf6 Bxf6 11. c4 b4 12. Nc2 a5 13. Bd3 Be6 14. Nce3 Bg5 15. 0-0 Ne7 16. a3 Nxd5 17. Nxd5 Bxd5 18. cxd5 0-0 19. Qa4 bxa3 20. Rxa3 Qc7 21. Rc3 Qe7 22. Rc6 Bd2 23. Qc4 Bb4 24. Rc7 Qd8 25. Qc6 Rc8 26. Rxc8 Qxc8 27. Rc1 Bc5 28. Qxc8 Rxc8 29. Bc4 Rb8 1/2-1/2

[Event "SVK-ch U16"]
[Site "Stara Lubovna"]
[Date "2021.06.28"]
[Round "4"]
[White "Kuna, Patrik"]
[Black "Babjak, Samuel"]
[Result "1-0"]
[WhiteElo "1891"]
[BlackElo "1506"]
[PlyCount "59"]
[EventDate "2021.06.26"]
[EventType "swiss"]
[EventRounds "9"]
[EventCountry "SVK"]
[SourceTitle "CBM 203 Extra"]
[Source "ChessBase"]
[SourceDate "2021.09.30"]
[SourceVersion "1"]
[SourceVersionDate "2021.09.30"]
[SourceQuality "1"]

1. e4 e6 2. d4 d5 3. Nc3 Nf6 4. Bg5 dxe4 5. Nxe4 Be7 6. Nxf6+ Bxf6 7. Bxf6 Qxf6 8. Bd3 Nd7 9. Nf3 0-0 10. 0-0 c5 11. c3 cxd4 12. Nxd4 Nc5 13. Bxh7+ Kxh7 14. Qh5+ Kg8 15. Qxc5 e5 16. Nf3 Re8 17. Rfe1 e4 18. Nd4 Re5 19. Qc7 Qg5 20. Re3 Bg4 21. Rae1 Bf3 22. g3 Rf5 23. Nxf3 exf3 24. Qxb7 Rd8 25. Rxf3 Qh5 26. Rxf5 Qxf5 27. Qxa7 Rd2 28. b4 Qf3 29. Qe3 Qd5 30. Qe8+ 1-0